Environmental economics: an introduction for students of the resource and environmental sciences

Saved in:
Bibliografiske detaljer
Hovedforfatter: Cottrell, Alan (Author)
Format: Bog
Sprog:engelsk
Udgivet: Londres Edward Arnold 1978
Fag:
Tags: Tilføj Tag
Ingen Tags, Vær først til at tagge denne postø!

MARC

LEADER 00000nam a2200000 a 4500
001 UCU2696
003 CL-VaPUC
008 960426e19780000UK |||||||||||||||||eng|d
082 0 4 |a 333.9  |b COT  |2 21 
100 0 |a Cottrell, Alan  |e author  |9 359085 
245 1 0 |a Environmental economics: an introduction for students of the resource and environmental sciences 
300 |a 66 p 
942 |c BK 
945 |d 19960426 00:00:00  |a paguirre 
260 |a Londres  |b Edward Arnold  |c 1978 
650 0 |a Economía   |9 255568 
650 0 |a Recursos naturales  |9 255232 
650 7 |a RECURSOS DEL AIRE  |2 CL-VaPUC  |9 359086 
650 7 |a RECURSOS DE AGUA  |2 CL-VaPUC  |9 261958 
650 0 |a Yacimientos mineros  |9 359087 
650 0 |a Minerales   |9 264051 
650 0 |a Agua  |9 257149 
650 0 |a Atmósferas   |9 359088 
650 7 |a TIERRA  |2 CL-VaPUC  |9 261538 
650 0 |a Agricultura  |9 255598 
650 0 |a Alimentos  |9 256203 
583 |a last modification  |c 19960426 00:00:00  |k Rodrigo Vera 
999 |c 246929  |d 246927 
952 |0 0  |1 0  |4 0  |6 333_900000000000000_COT_1978  |7 0  |8 A  |9 262303  |a BIBING  |b BIBING  |d 2019-11-19  |i 1642057  |o 333.9 COT 1978  |p 1642057  |r 2025-01-20  |w 2019-11-19  |y BK  |k GEO